000 00566nam a22001937a 4500
005 20260514112315.0
010 _aENG-148473
020 _a9789395481960
_c325.00
035 _aEN-132005
037 _bDBAD
082 _aN
100 _aVani
_989087
245 _aMr. Joshi's Bride/
_cVani
250 _a1
260 _bVishwakarma Publications
_c2024
_aMaharashtra
270 _a34A/1, Suyog Center, 7th floor, Gultekedi Marketyard Road, Giridhar Bhavan Chowk,
_e411037
_bPune
_minfo@vpindia.co.in
300 _a217p.
_c21cm (pb)
942 _2ddc
_cEN
_hN
_mVAN
999 _c216169
_d216169